K-Pop Groups by Fanclub - Statistics

General Stats
  • This quiz has been taken 234 times
  • The average score is 23 of 39
Answer Stats
Hint Answer % Correct
A.R.M.Y. BTS
100%
Blink Black Pink
99%
EXO-L EXO
98%
ONCE Twice
96%
NCTzen NCT
95%
Stay Stray Kids
95%
ReVeluv Red Velvet
94%
MooMoo Mamamoo
92%
MIDZY ITZY
90%
IGot7 Got 7
89%
ATINY Ateez
84%
ENGENE ENHYPEN
84%
DIVE IVE
84%
iKONIC iKON
83%
WIZ*ONE IZ*ONE
83%
CARAT Seventeen
80%
Neverland (G)I-DLE
69%
MY Aespa
64%
MOA Tomorrow X Together
62%
Orbit Loona
59%
Monbebe MONSTA X
55%
InSomnia Dreamcatcher
49%
VIP BIGBANG
43%
SONE Girls' Generation
42%
My Day Day 6
41%
ABNEW AB6IX
40%
Forever EVERGLOW
40%
Merry-G0-Round Momoland
36%
Melody BTOB
34%
E.L.F. Super Junior
34%
The B THE BOYZ
31%
Swith STAYC
25%
Wonderful Wonder Girls
25%
BBC Block B
24%
FIX CIX
17%
Hottest 2PM
12%
BLINK GFRIEND
10%
Universe PENTAGON
10%
Ki-Ling Weki Meki
6%
No matching quizzes found
Score Distribution
Percent of People with Each Score
Percentile by Number Answered
Your Score History
You have not taken this quiz